<?xml version="1.0" encoding="UTF-8"?>
<record
    xmlns:xsi="http://www.w3.org/2001/XMLSchema-instance"
    xsi:schemaLocation="http://www.loc.gov/MARC21/slim http://www.loc.gov/standards/marcxml/schema/MARC21slim.xsd"
    xmlns="http://www.loc.gov/MARC21/slim">

  <leader>00738nam a22001577a 4500</leader>
  <controlfield tag="003">OSt</controlfield>
  <controlfield tag="005">20151106085228.0</controlfield>
  <controlfield tag="008">151106b        xxu||||| |||| 00| 0 eng d</controlfield>
  <datafield tag="040" ind1=" " ind2=" ">
    <subfield code="c">RUA</subfield>
  </datafield>
  <datafield tag="082" ind1=" " ind2=" ">
    <subfield code="a">FOR CHH 1997 B124 Or.1</subfield>
  </datafield>
  <datafield tag="100" ind1=" " ind2=" ">
    <subfield code="9">3426</subfield>
    <subfield code="a">CHHAY, NARETH.</subfield>
  </datafield>
  <datafield tag="245" ind1=" " ind2=" ">
    <subfield code="a">the study on processed recovery rate from round logs to s2s-s4s products at colexim and casotim enterprises (&#x179F;&#x17B7;&#x1780;&#x17D2;&#x179F;&#x17B6;&#x179F;&#x17D2;&#x179A;&#x17B6;&#x179C;&#x1787;&#x17D2;&#x179A;&#x17B6;&#x179C;&#x17A2;&#x178F;&#x17D2;&#x179A;&#x17B6;&#x1797;&#x17B6;&#x1782;&#x179A;&#x1799;&#x1793;&#x17C3;&#x1780;&#x17B6;&#x179A;&#x1780;&#x17C2;&#x1785;&#x17D2;&#x1793;&#x17C3;&#x1788;&#x17BE;&#x17A0;&#x17CA;&#x17BB;&#x1794;&#x1798;&#x17BC;&#x179B; &#x1791;&#x17C5;&#x1787;&#x17B6; &#x1788;&#x17BE;&#x200B; s2s &#x1793;&#x17B7;&#x1784; s4s &#x1793;&#x17C5;&#x179F;&#x17A0;&#x1782;&#x17D2;&#x179A;&#x17B6;&#x179F; &#x1780;&#x17BC;&#x17A1;&#x17B7;&#x1785;&#x179F;&#x17CA;&#x17B8;&#x1798; &#x1793;&#x17B7;&#x1784; &#x1780;&#x17B6;&#x179F;&#x17BC;&#x1791;&#x17B8;&#x1798;)</subfield>
  </datafield>
  <datafield tag="260" ind1=" " ind2=" ">
    <subfield code="a">Phnom Penh</subfield>
    <subfield code="b">RUA</subfield>
    <subfield code="c">1997</subfield>
  </datafield>
  <datafield tag="300" ind1=" " ind2=" ">
    <subfield code="a">75p.</subfield>
    <subfield code="b">ill.</subfield>
    <subfield code="c">29cm.</subfield>
  </datafield>
  <datafield tag="942" ind1=" " ind2=" ">
    <subfield code="2">ddc</subfield>
    <subfield code="c">FOR</subfield>
  </datafield>
  <datafield tag="999" ind1=" " ind2=" ">
    <subfield code="c">3196</subfield>
    <subfield code="d">3196</subfield>
  </datafield>
  <datafield tag="952" ind1=" " ind2=" ">
    <subfield code="0">0</subfield>
    <subfield code="1">0</subfield>
    <subfield code="2">ddc</subfield>
    <subfield code="4">0</subfield>
    <subfield code="6">FOR_CHH_1997_000000000000000_B124_OR_1</subfield>
    <subfield code="7">0</subfield>
    <subfield code="9">14976</subfield>
    <subfield code="a">LBB</subfield>
    <subfield code="b">LBB</subfield>
    <subfield code="c">B124</subfield>
    <subfield code="d">2015-11-06</subfield>
    <subfield code="o">FOR CHH 1997 B124 Or.1</subfield>
    <subfield code="p">RUA010989</subfield>
    <subfield code="r">2015-11-06</subfield>
    <subfield code="w">2015-11-06</subfield>
    <subfield code="y">FOR</subfield>
  </datafield>
  <datafield tag="952" ind1=" " ind2=" ">
    <subfield code="0">0</subfield>
    <subfield code="1">0</subfield>
    <subfield code="2">ddc</subfield>
    <subfield code="4">0</subfield>
    <subfield code="6">FOR_CHH_1997_000000000000000_B124_OR_2</subfield>
    <subfield code="7">0</subfield>
    <subfield code="9">14977</subfield>
    <subfield code="a">LBB</subfield>
    <subfield code="b">LBB</subfield>
    <subfield code="c">B124</subfield>
    <subfield code="d">2015-11-06</subfield>
    <subfield code="o">FOR CHH 1997 B124 Or.2</subfield>
    <subfield code="p">RUA010777</subfield>
    <subfield code="r">2015-11-06</subfield>
    <subfield code="w">2015-11-06</subfield>
    <subfield code="y">FOR</subfield>
  </datafield>
  <datafield tag="952" ind1=" " ind2=" ">
    <subfield code="0">0</subfield>
    <subfield code="1">0</subfield>
    <subfield code="2">ddc</subfield>
    <subfield code="4">0</subfield>
    <subfield code="6">FOR_CHH_1997_000000000000000_B124_OR_3</subfield>
    <subfield code="7">0</subfield>
    <subfield code="9">14978</subfield>
    <subfield code="a">LBB</subfield>
    <subfield code="b">LBB</subfield>
    <subfield code="c">B124</subfield>
    <subfield code="d">2015-11-06</subfield>
    <subfield code="o">FOR CHH 1997 B124 Or.3</subfield>
    <subfield code="p">RUA010921</subfield>
    <subfield code="r">2015-11-06</subfield>
    <subfield code="w">2015-11-06</subfield>
    <subfield code="y">FOR</subfield>
  </datafield>
  <datafield tag="952" ind1=" " ind2=" ">
    <subfield code="0">0</subfield>
    <subfield code="1">0</subfield>
    <subfield code="2">ddc</subfield>
    <subfield code="4">0</subfield>
    <subfield code="6">FOR_CHH_1997_000000000000000_B124_OR_4</subfield>
    <subfield code="7">0</subfield>
    <subfield code="9">14979</subfield>
    <subfield code="a">LBB</subfield>
    <subfield code="b">LBB</subfield>
    <subfield code="c">B124</subfield>
    <subfield code="d">2015-11-06</subfield>
    <subfield code="o">FOR CHH 1997 B124 Or.4</subfield>
    <subfield code="p">RUA010917</subfield>
    <subfield code="r">2015-11-06</subfield>
    <subfield code="w">2015-11-06</subfield>
    <subfield code="y">FOR</subfield>
  </datafield>
  <datafield tag="952" ind1=" " ind2=" ">
    <subfield code="0">0</subfield>
    <subfield code="1">0</subfield>
    <subfield code="2">ddc</subfield>
    <subfield code="4">0</subfield>
    <subfield code="6">FOR_CHH_1997_000000000000000_B124_OR_5</subfield>
    <subfield code="7">0</subfield>
    <subfield code="9">14980</subfield>
    <subfield code="a">LBB</subfield>
    <subfield code="b">LBB</subfield>
    <subfield code="c">B124</subfield>
    <subfield code="d">2015-11-06</subfield>
    <subfield code="o">FOR CHH 1997 B124 Or.5</subfield>
    <subfield code="p">RUA010630</subfield>
    <subfield code="r">2015-11-06</subfield>
    <subfield code="w">2015-11-06</subfield>
    <subfield code="y">FOR</subfield>
  </datafield>
</record>
